El diablo lo enreda (Record no. 160192)

MARC details
000 -LEADER
campo de control de longitud fija 00863nam a22001935i 4500
001 - NÚMERO DE CONTROL
campo de control 160192
003 - IDENTIFICADOR DE NÚMERO DE CONTROL
campo de control ES-MaACL
005 - FECHA Y HORA DE LA ÚLTIMA TRANSACCIÓN
campo de control 20230906211948.0
008 - DATOS DE LONGITUD FIJA--INFORMACIÓN GENERAL
campo de control de longitud fija 000406s1870 sp |||| | spa d
040 ## - FUENTE DE CATALOGACIÓN
Centro catalogador/agencia de origen CAM
Lengua de catalogación spa
Centro/agencia transcriptor CAM
100 1# - ENTRADA PRINCIPAL--NOMBRE DE PERSONA
Nombre de persona Moreno Gil, Pedro.
9 (RLIN) 83379
245 13 - MENCIÓN DEL TÍTULO
Título El diablo lo enreda
Resto del título : zarzuela en dos actos /
Mención de responsabilidad, etc. original de P. Moreno Gil ; música del maestro D.C. Moderati.
260 ## - PUBLICACIÓN, DISTRIBUCIÓN, ETC.
Lugar de publicación, distribución, etc. Madrid :
Nombre del editor, distribuidor, etc. [s.n.],
Fecha de publicación, distribución, etc. 1870 (
Fabricante Imprenta de José Rodríguez)
300 ## - DESCRIPCIÓN FÍSICA
Extensión 67 p. ;
Dimensiones 20 cm.
500 ## - NOTA GENERAL
Nota general En port.: Representada por primera vez en el Teatro de la Zarzuela el dia 6 de mayo de 1870.
500 ## - NOTA GENERAL
Nota general Solo la letra.
700 1# - ENTRADA AGREGADA--NOMBRE PERSONAL
Nombre de persona Moderati, Cleto.
9 (RLIN) 130002
852 ## - LOCALIZACIÓN
Ubicación ES-MaACL
Número de control de estantería F-8595(9)
Nota libre -- Enc. pasta española
condición física -- Falto de la cub. original
Nota libre -- Enc. en un vol. facticio formando parte de la col. facticia "Teatro español moderno", vol. 48
Holdings
Estatus retirado Estado de pérdida Estado de daño No para préstamo Colección Biblioteca de origen Biblioteca actual Ubicación en estantería Fecha de adquisición Total de préstamos Signatura topográfica completa Código de barras Visto por última vez Precio de reemplazo Tipo de ítem Koha
        Libros del s. XIX Biblioteca del Ateneo de Madrid Biblioteca del Ateneo de Madrid Sala Pecera Planta 2 17/01/2008   F-8595(9) 1167711 23/02/2023 23/02/2023 Libro impreso antiguo